Usos alternativos del SIMCE: padres, directores y docentes

Saved in:
Bibliografiske detaljer
Hovedforfatter: Román C., Marcela (Author)
Format: Bog
Sprog:spansk
Udgivet: Santiago CIDE 1999
Serier:Documentos, 5
Fag:
Tags: Tilføj Tag
Ingen Tags, Vær først til at tagge denne postø!

MARC

LEADER 00000nam a2200000 a 4500
001 UCM7363
003 CL-VaPUC
008 021213e19990000CL |||||||||||||||||spa|d
082 0 4 |a 371.262  |b ROM  |2 21 
100 0 |a Román C., Marcela  |e author  |9 472953 
245 1 0 |a Usos alternativos del SIMCE: padres, directores y docentes 
300 |a 21 p 
942 |c BK 
945 |d 20021213 00:00:00  |a cmena 
260 |a Santiago  |b CIDE  |c 1999 
650 0 |a Evaluación de la educación   |9 237505 
650 0 |a Investigación educacional   |9 261192 
650 0 |a Calidad de la educación   |9 307271 
650 0 |a Estadísticas educacionales  |9 331921 
650 0 |a Planificación de la educación   |9 307333 
650 7 |a SIMCE  |2 CL-VaPUC  |9 472954 
583 |a last modification  |c 20021213 00:00:00  |k Rodrigo Vera 
490 0 |a Documentos, 5 
999 |c 302205  |d 302203 
952 |0 0  |1 0  |4 0  |6 371_262000000000000_ROM_1999  |7 0  |8 A  |9 362315  |a BIBEDU  |b BIBEDU  |d 2019-11-21  |i 3861910  |o 371.262 ROM 1999  |p 3861910  |r 2019-11-21  |w 2019-11-21  |y BK  |k EPE 
952 |0 0  |1 0  |4 0  |6 371_262000000000000_ROM_1999  |7 0  |8 A  |9 362316  |a BIBEDU  |b BIBEDU  |d 2019-11-21  |i 4031636  |o 371.262 ROM 1999  |p 4031636  |r 2019-11-21  |w 2019-11-21  |y BK  |k BME